| 000 | 00554nim a2200205 i 4500 | ||
|---|---|---|---|
| 001 | bg | ||
| 100 | 1 | _aO'SULLIVAN, David | |
| 245 | 4 |
_aThe new Cambridge English course : _cDavid O'Sullivan, Michael Svan, Catherine Walter. |
|
| 260 |
_aCambridge : _bCambridge Univ. Press, _c1990. |
||
| 300 | _a4 kas. dźw. | ||
| 650 | 9 | _aJęzyk angielski | |
| 655 | _aPodręczniki | ||
| 700 | 1 | _aSVAN, Michael | |
| 700 | 1 | _aWALTER, Catherine | |
| 040 | _cBPK | ||
| 041 | _apol | ||
| 080 | _a802.0 | ||
| 942 | _cTM | ||
| 008 | s pl f |000 0 pol | ||
| 999 |
_c35294 _d35294 |
||